[Event "16th IND-chT Women 2018"]
[Site "Patia"]
[Date "2018.02.13"]
[Round "6"]
[White "Karavade, Eesha"]
[Black "Smaraki, Mohanty"]
[Result "1-0"]
[WhiteElo "2386"]
[BlackElo "1814"]
[Annotator "TA"]
[PlyCount "73"]
[EventDate "2018.??.??"]
[EventType "team-tourn"]
[EventCountry "IND"]
[SourceTitle "playchess.com"]
[Source "ChessBase"]
[SourceQuality "1"]

{[%evp 10,73,49,42,66,52,56,41,55,45,138,97,98,54,33,30,39,8,9,7,9,11,13,22,17,0,0,0,10,0,0,0,0,0,6,7,17,0,0,0,38,14,49,9,23,31,51,0,124,115,127,121,135,170,199,193,259,259,259,259,248,237,237,237,207,207]} 1. Nf3 c5 2. e4 Nc6 3. Bb5 Nd4 4. Nxd4 cxd4 5. O-O a6 6. Bc4 {LiveBook: 6 Games. B30: Sicilian: 2...Nc6 3 Bb5, lines without ...g6} d6 (6... Nf6 7. d3 Qc7 8. Qe2 b5 9. Bb3 Bb7 10. Bg5 e6 11. Nd2 Be7 12. Nf3 e5 13. Nh4 h6 14. Bxf6 Bxf6 {0-1 (39) Fell,S (2325)-Liascovich,L (2482) Villa Martelli 2015}) 7. d3 Nf6 8. Bg5 $146 {White is slightly better.} ({Predecessor:} 8. Bb3 g6 9. f4 Bg7 10. e5 dxe5 11. fxe5 Nd5 12. Qf3 Be6 13. Qe4 Nc7 14. Qxb7 {½-½ (53) Perez Garcia,J (1959)-Diez Jover,A (1866) Benidorm 2011}) 8... e5 9. c3 dxc3 ({Better is} 9... Be7 $14) 10. Nxc3 {And now Qa4+ would win.} Be7 11. d4 O-O 12. dxe5 dxe5 13. Qb3 (13. Qf3 {is interesting.} b5 14. Rfd1 Qe8 15. Be2 Bb7 16. Bxf6 Bxf6 17. a4) 13... b5 14. Bxf6 bxc4 15. Bxe7 cxb3 16. Bxd8 Rxd8 17. Rfd1 Rxd1+ 18. Rxd1 $11 {[%cal Rd1d8][%mdl 4096] [#] Endgame KRB-KRN} Be6 19. a3 Kf8 20. f3 Ke8 21. Kf2 Ke7 22. Ke3 Rc8 23. Rc1 Kd6 24. Ne2 Rb8 25. Rc3 g6 26. Nc1 f5 27. Nd3 a5 28. Rc5 (28. Nc5 $14) 28... Rc8 (28... f4+ $1 $11 29. Kd2 Rc8 30. Rxc8 (30. Rxe5 Rc2+ 31. Kd1 Bc4 $11) 30... Bxc8) 29. Rxe5 $16 ({Don't play} 29. Rxa5 $6 f4+ 30. Ke2 Rc2+ 31. Kd1 Bc4 $15) 29... Rc2 30. Rxa5 {Strongly threatening e5+.} Bc4 31. exf5 gxf5 32. Rxf5 Rxg2 (32... Bxd3 $142 33. Kxd3 Rxb2) 33. Rh5 $18 Bxd3 34. Kxd3 Rxb2 35. Kc3 {White is clearly better.} (35. Rxh7 Rf2 $16) 35... Rf2 {intending ...b2.} 36. Kxb3 ({Less strong is} 36. Rxh7 b2 $14) 36... Rxf3+ 37. Kb4 {Precision: White = 49%, Black = 48%.} 1-0

[Event "16th IND-chT Women 2018"]
[Site "Patia"]
[Date "2018.02.13"]
[Round "6"]
[White "Vijayalakshmi, Subbaraman"]
[Black "Srija, Seshadri"]
[Result "1-0"]
[WhiteElo "2352"]
[BlackElo "2252"]
[Annotator "TA"]
[PlyCount "50"]
[EventDate "2018.??.??"]
[EventType "team-tourn"]
[EventCountry "IND"]
[SourceTitle "playchess.com"]
[Source "ChessBase"]
[SourceQuality "1"]

{[%evp 23,50,0,0,2,0,0,0,0,21,0,0,0,35,0,0,0,0,-7,0,0,0,0,0,-20,-2,-106,0,-90,97]} 1. Nf3 d5 2. g3 Nf6 3. Bg2 c5 4. d4 cxd4 5. O-O Nc6 6. Nxd4 e5 7. Nxc6 bxc6 8. c4 Be6 9. Nc3 {D02: 1 d4 d5 2 Nf3 sidelines, including 2...Nf6 3 g3 and 2...Nf6 3 Bf4} (9. Qa4 Qd7 10. Rd1 Rc8 11. Nc3 d4 12. e3 Be7 13. exd4 exd4 14. c5 Bxc5 15. Be3 dxe3 16. Rxd7 exf2+ {½-½ (49) Vachier Lagrave,M (2811)-Anand,V (2776) Bastia 2016}) 9... Rc8 10. cxd5 cxd5 11. Bg5 d4 12. Ne4 Be7 {LiveBook: 4 Games} 13. Nxf6+ Bxf6 14. Bxf6 gxf6 15. Qd2 h5 $146 ({Predecessor:} 15... O-O 16. f4 Qe7 {½-½ (48) Praggnanandhaa,R (2479)-Hong,A (2334) Saint Louis 2017}) 16. Rfc1 Kf8 17. Rxc8 Bxc8 (17... Qxc8 {feels hotter.} 18. Rc1 Qd7 19. h4 Kg7 20. a3 Bf5) 18. Rc1 Kg7 19. b4 Bf5 20. a4 Qd7 21. Bc6 Qd6 22. b5 Rc8 23. Rc4 h4 24. Qb4 {[#]} (24. gxh4 $11 Qa3 25. f4) 24... Qd8 ({Black should play} 24... Qe6 $1 $17 25. f3 hxg3 26. hxg3 Bg6) 25. gxh4 (25. Qa3 $11) 25... Be6 $2 {Precision: White = 32%, Black = 39%.} (25... Qh8 $17) 1-0

[Event "16th IND-chT Women 2018"]
[Site "Patia"]
[Date "2018.02.13"]
[Round "6"]
[White "Gomes, Mary Ann"]
[Black "Sribrinda, Rout"]
[Result "1-0"]
[WhiteElo "2329"]
[BlackElo "1564"]
[Annotator "TA"]
[PlyCount "63"]
[EventDate "2018.??.??"]
[EventType "team-tourn"]
[EventCountry "IND"]
[SourceTitle "playchess.com"]
[Source "ChessBase"]
[SourceQuality "1"]

{[%evp 11,62,37,37,35,40,40,56,63,171,176,170,171,183,174,175,178,216,204,315,326,323,323,308,309,362,359,414,407,408,406,410,412,443,434,442,435,430,412,442,439,418,422,437,426,471,464,485,481,484,460,727,764,29999]} 1. Nf3 Nc6 2. d4 d5 3. Bf4 Bf5 4. e3 a6 5. c4 Nf6 6. Nc3 e6 {LiveBook: 15 Games} 7. a3 {D06: Queen's Gambit: Symmetrical and Baltic Defences} (7. Be2 Be7 8. O-O O-O 9. cxd5 Nxd5 10. Bg3 Nxc3 11. bxc3 Bd6 12. Nd2 Bxg3 13. hxg3 e5 14. Bf3 Re8 15. Bxc6 bxc6 16. Re1 e4 {1-0 (59) Thejkumar,M (2467)-Del Rey,D (2378) Sitges 2015}) 7... Bd6 8. Bg5 dxc4 $146 ({Predecessor:} 8... O-O 9. cxd5 exd5 10. Nxd5 Be7 11. Nxe7+ Qxe7 12. Bd3 Bxd3 13. Qxd3 {1-0 (40) Angulo,P (1979)-Finley Rosero,K Pasto 2015}) 9. e4 {White is slightly better.} Bg6 ({Black should play} 9... Bg4 $1 $14) 10. e5 $18 ({Resist} 10. Bxc4 $6 Be7 $11) 10... Be7 11. exf6 Bxf6 12. Bxf6 Qxf6 13. Bxc4 Rd8 14. d5 {Black must now prevent Qe2.} Ne5 (14... Bh5 {was called for.} 15. O-O O-O) 15. Nxe5 Qxe5+ 16. Qe2 Qxe2+ 17. Kxe2 e5 18. Rhe1 Rd6 19. Kf1 f6 20. f4 Rf8 21. Kg1 Kd7 22. fxe5 fxe5 23. Rxe5 Kd8 24. Rf1 Rxf1+ 25. Kxf1 Rf6+ 26. Ke2 Kd7 27. Bd3 Bxd3+ 28. Kxd3 Rf2 29. Re2 Rf7 30. Ne4 h6 (30... c6 $142 31. Kd4 cxd5 32. Kxd5 Kc7) 31. Nc5+ Kc8 32. Re8# {Precision: White = 95%, Black = 26%.} 1-0

[Event "16th IND-chT Women 2018"]
[Site "Patia"]
[Date "2018.02.13"]
[Round "6"]
[White "Salonika, Saina"]
[Black "Soumya, Swaminathan"]
[Result "0-1"]
[WhiteElo "2151"]
[BlackElo "2349"]
[Annotator "TA"]
[PlyCount "62"]
[EventDate "2018.??.??"]
[EventType "team-tourn"]
[EventCountry "IND"]
[SourceTitle "playchess.com"]
[Source "ChessBase"]
[SourceQuality "1"]

{[%evp 18,62,0,-10,25,-46,28,-28,19,11,19,-20,-4,-49,-44,-52,-43,-50,-48,-84,-70,-58,-25,-67,-31,-50,-38,-37,-27,-37,-21,-40,0,0,0,0,0,-11,-12,-12,-12,-15,-12,-435,0,-443,-440]} 1. e4 c5 2. Nc3 d6 3. f4 Nc6 4. Nf3 g6 5. Bb5 Bd7 6. O-O Bg7 7. d3 a6 8. Bxc6 Bxc6 9. Qe1 Qd7 10. Be3 {LiveBook: 3 Games. B23: Closed Sicilian: Lines without g3} f5 11. e5 $146 (11. Nd5 $11 fxe4 12. dxe4 Bxd5 13. exd5) ({Find the theoretical novelty and annotate with similar games:} 11. Rd1 Nh6 12. h3 O-O 13. Ng5 Nf7 14. Nxf7 Rxf7 15. d4 Bxe4 16. Nxe4 fxe4 17. dxc5 d5 {½-½ (33) Slovineanu,V (2406)-Motylev,A (2627) Panormo 2001}) 11... Nh6 (11... Bxf3 $1 $15 12. Rxf3 dxe5) 12. exd6 ({White should try} 12. Rd1) 12... Qxd6 (12... Bxf3 $5 13. Rxf3 Qxd6 $11) 13. Ne5 O-O 14. Qh4 b6 {[%cal Bb7b6,Bb6b5,Bb5b4][%mdl 32]} 15. Nxc6 Qxc6 16. h3 Nf7 17. Rae1 Rad8 18. Bf2 Bf6 19. Qg3 b5 20. Qe3 b4 21. Nd1 c4 22. Qc5 Qxc5 23. Bxc5 cxd3 24. cxd3 a5 25. Bxe7 Bxe7 26. Rxe7 Rxd3 27. Ra7 Re8 28. Nf2 Rd2 29. Rc1 Nd6 {...Ree2 is the strong threat.} 30. Rcc7 $2 {[%mdl 8192]} (30. Kf1 $11) 30... Re1+ $19 31. Kh2 {[#]} Ne8 $1 {Precision: White = 30%, Black = 60%.} ({Weaker is} 31... Rxf2 32. Rg7+ Kf8 33. Rxh7 $11) 0-1

[Event "16th IND-chT Women 2018"]
[Site "Patia"]
[Date "2018.02.13"]
[Round "6"]
[White "Varshini, V."]
[Black "Meenakshi Subbaraman"]
[Result "1/2-1/2"]
[WhiteElo "2103"]
[BlackElo "2193"]
[Annotator "TA"]
[PlyCount "100"]
[EventDate "2018.??.??"]
[EventType "team-tourn"]
[EventCountry "IND"]
[SourceTitle "playchess.com"]
[Source "ChessBase"]
[SourceQuality "1"]

{[%evp 19,100,-12,0,-6,3,0,0,-3,-8,-20,0,0,-12,-16,-27,-18,-9,-72,-68,-71,-64,-71,-73,-63,-77,-78,-76,-77,-57,-60,-61,-64,-62,-68,-69,-106,-26,-24,-39,-39,-21,-39,-39,-39,-39,-39,-39,-39,-39,-56,-56,-56,-39,-74,-39,-103,-56,-56,-53,-53,-53,-70,-53,-53,-53,-91,-91,-183,-158,-136,-93,-93,-71,-71,-71,-71,-71,-71,0,-71,-71,-71,0]} 1. e4 e5 2. Nf3 Nc6 3. Bb5 {[%cal Bf1b5,Bb5a4,Ba4b3][%mdl 32]} a6 4. Ba4 Nf6 5. Qe2 b5 6. Bb3 Bc5 7. O-O d6 8. c3 O-O 9. Rd1 Bb6 {C77: Ruy Lopez: 3...a6 4 Ba4 Nf6, unusual lines} (9... Bg4 10. h3 Bxf3 11. Qxf3 Rb8 12. d3 Nd7 13. Nd2 Bb6 14. Nf1 Nc5 15. Bc2 Ne6 16. Ne3 Kh8 17. Bb3 Na5 {1-0 (53) Savchenko,B (2567)-Kasimdzhanov,R (2704) Berlin 2015}) 10. d3 h6 {LiveBook: 6 Games} 11. Be3 Rb8 $146 {The position is equal.} ({Predecessor:} 11... Bxe3 12. Qxe3 Na5 13. Bc2 c5 14. Nbd2 Qe7 15. d4 Bg4 16. d5 Rfc8 17. Bd3 {1-0 (42) Geske,J (2364)-Breder,D (2439) Germany 2010}) 12. Nbd2 Na5 13. Bc2 c5 14. Nf1 Nc6 15. Ng3 d5 16. d4 cxd4 17. cxd4 exd4 18. Nxd4 (18. Bf4 $1 $11 {remains equal.}) 18... Nxd4 $17 19. Bxd4 Bg4 20. f3 dxe4 21. fxg4 Bxd4+ 22. Kh1 Qb6 23. Nxe4 {[#] Hoping for Qd3.} Rfe8 {Threatens to win with ...Rxe4!} 24. Nxf6+ Bxf6 ({Inferior is} 24... gxf6 25. Qd3 $16) 25. Qd3 {Intending Qh7+ and mate.} g6 26. Bb3 {Qxg6+ is the strong threat.} Kg7 27. Qd5 Qb7 (27... Re7 $17 28. Rf1 Rd8) 28. Rf1 $11 Qxd5 29. Bxd5 Rbd8 30. Rad1 Re2 $36 {[%mdl 2048] White is under pressure.} 31. b4 Rd7 32. Bb3 Rxd1 33. Rxd1 $15 {[%mdl 4096] Endgame KRB-KRB} Bc3 34. g3 Bxb4 35. Rd7 Rf2 36. Rd4 Bc5 37. Rf4 (37. Rd8 $15) 37... a5 38. Rxf2 Bxf2 {KB-KB} 39. Kg2 Bc5 40. Kf3 Kf6 41. h4 a4 42. Bd5 b4 43. Ke4 (43. g5+ $17 hxg5 44. hxg5+ Kxg5 45. Bxf7) 43... Bd6 44. Kf3 g5 45. h5 Ke5 46. Bxf7 Kd4 47. Be6 Kd3 48. Bd5 Kd4 49. Be6 $1 Bc5 50. Bf7 Bd6 {Precision: White = 45%, Black = 54%.} (50... Kd3 $17 51. Bd5 {[#]} b3 $1 {[%mdl 512]} 52. axb3 a3) 1/2-1/2

[Event "16th IND-chT Women 2018"]
[Site "Patia"]
[Date "2018.02.13"]
[Round "6"]
[White "Chitlange, Sakshi"]
[Black "Kulkarni, Bhakti"]
[Result "1/2-1/2"]
[WhiteElo "2089"]
[BlackElo "2290"]
[Annotator "TA"]
[PlyCount "50"]
[EventDate "2018.??.??"]
[EventType "team-tourn"]
[EventCountry "IND"]
[SourceTitle "playchess.com"]
[Source "ChessBase"]
[SourceQuality "1"]

{[%evp 9,50,24,34,13,27,13,19,0,33,25,39,41,41,23,19,14,25,28,39,23,38,10,47,22,34,24,68,65,72,65,101,96,99,93,93,0,82,0,71,0,82,0,74]} 1. d4 Nf6 2. Bf4 c5 3. d5 d6 4. Nc3 g6 (4... e5 5. Bd2 Bf5 6. h3 Nbd7 7. g4 Be4 8. f3 Bg6 9. e4 a6 10. a4 Be7 {0-1 (35) Vachier Lagrave,M (2795)-Grischuk,A (2750) chess.com INT 2017}) 5. e4 Bg7 6. Qd2 {A45: Trompowsky Attack} Qa5 7. f3 a6 8. h4 $146 ({Predecessor:} 8. Bh6 Bxh6 9. Qxh6 b5 10. Qd2 Nbd7 11. Nd1 Qxd2+ 12. Kxd2 {½-½ (31) Segura,A (2079)-Blandon Villa,D (2263) Palmira 2017}) 8... h5 9. Nh3 Nbd7 10. Be2 Ne5 11. Nd1 Qxd2+ 12. Bxd2 Bxh3 13. Rxh3 O-O-O 14. a4 Rde8 15. Kf2 Bh6 16. Bxh6 Rxh6 17. Ne3 a5 18. Bb5 Rd8 19. Rhh1 b6 20. Rad1 Rhh8 21. Rhe1 Kc7 22. Rh1 (22. g3 $16) 22... Rhf8 (22... Kc8 $1 $11) 23. Rhe1 (23. g3 $16) 23... Rg8 (23... Rh8 $1 $11 {keeps the balance.}) 24. Rh1 Rgf8 $1 25. Rhe1 Rg8 {Precision: White = 31%, Black = 33%.} 1/2-1/2

[Event "16th IND-chT Women 2018"]
[Site "Patia"]
[Date "2018.02.13"]
[Round "6"]
[White "Aparajita, Gochhikar"]
[Black "Mohota, Nisha"]
[Result "0-1"]
[WhiteElo "1740"]
[BlackElo "2256"]
[Annotator "TA"]
[PlyCount "40"]
[EventDate "2018.??.??"]
[EventType "team-tourn"]
[EventCountry "IND"]
[SourceTitle "playchess.com"]
[Source "ChessBase"]
[SourceQuality "1"]

{[%evp 9,40,0,38,1,14,11,5,-3,0,-7,43,42,42,-14,-14,-75,-70,-231,-236,-330,-336,-340,-332,-593,-585,-622,-615,-615,-606,-665,-564,-565,-560]} 1. e4 c6 2. d4 d5 3. exd5 cxd5 4. Nf3 Nc6 5. c3 Nf6 {LiveBook: 124 Games} 6. Bb5 {B13: Caro-Kann: Exchange Variation and Panov-Botvinnik Attack} (6. Be2 Bg4 7. Nbd2 e6 8. O-O Bd6 9. Re1 O-O 10. h3 Bh5 11. Ne5 Bg6 12. Nxg6 hxg6 13. Bd3 Rb8 14. Qe2 {0-1 (49) Li,D (2455)-Sevian,S (2614) chess.com INT 2018}) 6... Qb6 7. Qe2 $146 ({Find the theoretical novelty and annotate with similar games:} 7. Qb3 Bd7 8. O-O e6 9. Bf4 Na5 10. Bxd7+ Nxd7 11. Qc2 Bd6 12. Bxd6 Qxd6 13. Nbd2 Rc8 {0-1 (40) James,R (2225)-Arkell,K (2506) Paington 2008}) 7... Bg4 8. Nbd2 {The position is equal.} e6 9. h3 Bxf3 10. Nxf3 Bd6 {[%cal Bf8d6,Bd6e5,Be5f6,Bf6h4][%mdl 32]} 11. Ne5 (11. O-O $14) 11... O-O $11 12. f4 (12. Bf4 $11) 12... Ne4 $17 {[#] And now ...Bxe5 would win.} 13. Qd3 $2 (13. Nd7 $15 Nxd4 14. Nxb6 Nxe2 15. Kxe2 axb6 16. Rd1) 13... Bxe5 $19 14. Bxc6 Bf6 (14... Qxc6 $2 15. fxe5 f6 16. O-O $17) 15. Ba4 Bh4+ 16. Kf1 $2 {[#]} (16. g3 Bxg3+ 17. Ke2) 16... Nf2 {[%cal Be4f2,Bf2h1,Bh1g3,Bg3f5][%mdl 32] Black is clearly winning.} 17. Qf3 Nxh1 18. Kg1 Ng3 19. Qg4 Nf5 20. Bc2 Bf6 {Precision: White = 20%, Black = 96%.} 0-1